00537nam a22001457a 450000500170000001000150001702000270003203500140005903700130007308200130008624501230009926000510022227000920027330000260036520220928145721.0 aENG-135235 c1695.00a9789381039847 aEN-118767 bDBAD/PUB a641.3383 aHandbook on Manufacture of Indian Kitchen Spices (Masala Powder): bWith Formulations, Processes and Machinery Details aDelhibNIIR Project Consultancy Servicesc2017 b Delhia106-E, Kamla Nagar, opp, Spark Malle110007k918800733955mnpcs.india@gmail.com axiii,290p.c22cm(pbk)